Зидари на съдбата (Запис номер 131758)
[ съкратено ]
| 000 -Лидер | |
|---|---|
| Контролно поле с фиксирана дължина | 01674nam a2200397 c 4500 |
| 003 - Код на организацията, давaща контролен номер | |
| Контролно поле | BLK |
| 005 - Дата и час на последна редакция | |
| Контролно поле | 20231219162043.0 |
| 008 - Елементи от данни с фиксирана дължина | |
| fixed length control field | 180409b bul|||||r ||||||| ||bul|| |
| 010 ## - Наследен системен номер | |
| LC control number | KNG00137593000 |
| 040 ## - Източник на каталожния запис | |
| Идентификатор на билиотеката - собственик на записа | BLK |
| 041 ## - Код за език | |
| Код за езика на текст/звукозапис или на отделно заглавие | Български |
| Код за езика КДБФ | Български |
| 080 ## - УДК | |
| Текстов определител УДК | Етика. Учение за морала. Практическа философия. Вж и 37.034 ; 24 |
| УДК код - определител по УДК | 17 |
| УДК определител | |
| УДК - код + определител | 17 |
| 100 1# - Редна дума - Автор | |
| Автор | Свет-Марден, Орисън |
| Авторска отговорност | първи автор |
| R(LIN) | 322907 |
| 139 ## - Редно поле | |
| Редна дума | Марден, Орисън Сует |
| Авторски знак | Мар - М 29 |
| 245 10 - Сведения за заглавието | |
| Заглавие | Зидари на съдбата |
| Редно поле (дума) | * Орисън Сует Марден; Орисън Свет-Марден; прев. Иван Момчилов; * Орисън Сует-Марден. |
| 257 ## - Страна на издаване | |
| Страна на създаване/издаване | Съединени американски щати |
| 260 ## - Област на издателските данни | |
| -- | София |
| Име на издателя, разпространителя и проч. | Ст. Атанасов |
| Година на издаване | [1919] |
| 300 ## - Физическа характеристика | |
| Страници | 206 с. |
| Размери/Мащаб | 14 см |
| 380 ## - Жанр | |
| Жанр | Философия |
| 490 1# - СЕРИИ (Колекции) | |
| Име на серия | Библиотека Маяк |
| 490 1# - СЕРИИ (Колекции) | |
| -- | Подсерия |
| Име на серия | Избрани книги за юноши |
| №: серия | № 18 |
| 650 #4 - Допълнително описание по предмет – тема | |
| Основно описание – тема или топоним | Морал и общество |
| 9 (RLIN) | 280586 |
| 650 #4 - Допълнително описание по предмет – тема | |
| Основно описание – тема или топоним | Морал - философски проблеми |
| 9 (RLIN) | 252066 |
| 653 ## - Ключова дума – ненормативна | |
| Ключова дума | морал |
| 653 ## - Ключова дума – ненормативна | |
| Ключова дума | самообладание |
| 653 ## - Ключова дума – ненормативна | |
| Ключова дума | етични ценности |
| 700 ## - Други автори (авторска отговорност) | |
| Лично име | Марден, Орисън Сует |
| 9 (RLIN) | 367635 |
| 700 1# - Други автори (авторска отговорност) | |
| Лично име | Момчилов, Иван |
| Автороска отговорност (Описва отношението между автора и произведението) | прев. |
| 9 (RLIN) | 318284 |
| 700 1# - Други автори (авторска отговорност) | |
| Лично име | Сует-Марден, Орисън |
| Автороска отговорност (Описва отношението между автора и произведението) | * |
| 9 (RLIN) | 378275 |
| 852 ## - Местоположение | |
| Форматна сигнатура | Цб І 2997 |
| 856 4# - Електронен адрес и достъп | |
| Електронен формат | pdf - файл |
| Път до файла /url/ | |
| 856 4# - Електронен адрес и достъп | |
| Електронен формат | pdf - файл |
| Път до файла /url/ | |
| 942 ## - АРТИКУЛИ | |
| Вид на библиотечния материал | Книги |
| Скрит в OPAC | Не |
| 944 ## - СЪЗДАВАНЕ И РЕДАКЦИЯ на ЗАПИСА | |
| Създаване/Редакция | Създаване |
| Дата на регистрацията/редакция | 04.01.2013 |
| Статус, дата на статуса | Геновева Генчева |
| Служител, извършил регистрацията/редакцията | 30560 |
| 944 ## - СЪЗДАВАНЕ И РЕДАКЦИЯ на ЗАПИСА | |
| Създаване/Редакция | Редакция |
| Дата на регистрацията/редакция | 05.01.2013 |
| Статус, дата на статуса | 04.01.2013 - от С1,Р / 04.01.2013 |
| Служител, извършил регистрацията/редакцията | |
| 999 ## - СИСТЕМНИ КОНТРОЛНИ НОМЕРА | |
| Koha biblionumber | 131758 |
| Koha biblioitemnumber | 131758 |
| Код за отписване | Код за изгубен артикул | Източник на класификационната схема | Код за повреда | Коз за рестрикции | Код за отдаване | Артикулен № | Име на библиотеката - собственик | Име на библиотеката, в която се намира в момента | Статус (Текущо местоположение) | Дата на вписване в системата | Местоположение - отдел | Цена в лева | Инвентарен номер | Систематично азбучна сигнатура | Баркод | Номер на екземпляра | Цена в евро | Служебна бележка | Служебен тип на артикула |
|---|---|---|---|---|---|---|---|---|---|---|---|---|---|---|---|---|---|---|---|
| Не е изгубен | Universal Decimal Classification | Не е повреден | само за читалня | ползва се в читалня | 215003 | Регионална библиотека "Любен Каравелов" Русе | Регионална библиотека "Любен Каравелов" Русе | Хранилище | 1919-01-01 | Основен фонд - ползва се само за читалня | 0.42 | 10071/58 | Цб І 2997 | 900000025782 | 1 | 0.21 | N: стар фонд Дата: 01.01.1919 | Книги | |
| Изтеглен | Не е изгубен | Universal Decimal Classification | Не е повреден | без рестрикции | ползва се в читалня | 215004 | Регионална библиотека "Любен Каравелов" Русе | Регионална библиотека "Любен Каравелов" Русе | Хранилище | 1919-01-01 | Основен фонд - ползва се само за читалня | 0.41 | 12941/58 | Цб І 2997 | 12941/58 | 2 | 0.21 | N: стар фонд Дата: 01.01.1919 | Книги |